000 00535nam a2200217Ia 4500
005 20250425161701.0
008 250425s9999 xx 000 0 und d
020 _a007055168
041 _aeng
082 _a624.15
100 _aSCHNABEL, HARRY
245 0 _aTIEBACKS IN FOUNDATION ENGINEERING AND CONSTRUCTION
250 _aS.E.
260 _aEstados Unidos
_bMCGRAW-HILL
_c1982
260 _aNEW YORK
300 _a170
650 _aCIMENTACIONES
650 _aCONSTRUCCION-INGENIERIA
942 _c01
010 _a25782
999 _c214007
_d214007